Electrónica : teoría de circuitos
Salvato in:
| Autore principale: | |
|---|---|
| Altri autori: | , |
| Natura: | Libro |
| Lingua: | Spanish |
| Pubblicazione: |
México : Prentice Hall Hispanoamericana,
c1989.
|
| Soggetti: | |
| Tags: |
Aggiungi Tag
Nessun Tag, puoi essere il primo ad aggiungerne!!
|
MARC
| LEADER | 00000nam a2200000Ia 4500 | ||
|---|---|---|---|
| 003 | 000454 | ||
| 005 | 20221231144024.0 | ||
| 008 | 140114s1989 mx a 000 ||spa d | ||
| 040 | |c cru CEDI | ||
| 082 | |a 621.381.5 B792e | ||
| 100 | |a Boylestad, Robert L. |9 19249 | ||
| 245 | |a Electrónica : teoría de circuitos | ||
| 260 | |a México : Prentice Hall Hispanoamericana, |c c1989. | ||
| 300 | |a xx, 845 páginas : ilustraciones ; 23 cm | ||
| 500 | |a Traduccion de: Electronic devices and circuit theory. | ||
| 650 | |x CIRCUITOS ELECTRONICOS |9 19308 | ||
| 700 | |9 19250 |a Nashelsky, Louis | ||
| 700 | |9 19307 |a Nagore Cazarez, Gabriel | ||
| 942 | |2 ddc |c BK | ||
| 999 | |c 15734 |d 15734 | ||
